| 000 | 00377nam a2200121Ia 4500 | ||
|---|---|---|---|
| 008 | 220217s9999||||xx |||||||||||||| ||und|| | ||
| 082 | _a621.381 3 SIS | ||
| 100 | _aSisodia and others | ||
| 245 | 0 | _aMicrowaves: Introduction to circuits, Devices and Antennas | |
| 260 |
_aNew age international _bNew Delhi _c2009 |
||
| 300 |
_ax:306 _b195 |
||
| 650 | _aMICROWAVE ENGINEERING | ||
| 999 |
_c181271 _d181271 |
||